00682nam a22002417a 450000500170000000800410001704000070005804100120006508200200007710000260009724500390012326000370016230000260019944000370022565000200026265000280028265000200031070000190033070000220034970000230037170000260039470000200042020220719134554.0220719b ||||| |||| 00| 0 eng d cAL aEnglish 223a322.1bKUMD a B B Kumar and others aDialogue: Journal of Astha Bharati aNew Delhi bAstha Bharati c2004 a190 p.bPBc21x14 cm. aVol 6 No 2 October-December 2004 aNorth East Scan aIndia and Centeral Asia aIndia and Tibet aKUMAR (B B) Ed aMIRI (Mrinal) Ed  aVAJPEYI (Ashok) Ed aANATHAMURTHY (U R) Ed aSHARMA (A K) Ed